000 00489nam a2200181Ia 4500
005 20250508153221.0
008 008 250505s9999 xx 000 0 eng d
037 _aTextual
040 _aFEDL
_beng
_cFEDL
041 _aeng
_2eng
084 _a539.7609, KOH
_qFEDL
100 _aKohn Bernice
_9763434
245 0 _aPeaceful atom
260 _aEnglewood Cliffs
_b Prentice-Hall
_c1963
300 _a72p.
942 _cTEXL
_h539.7609, KOH
999 _c1341327
_d1341327